000 00419nam a2200157Ia 4500
008 230917s9999||||xx |||||||||||||| ||und||
040 _e229077
_aMAIN
041 _aEnglish
082 _a005.43 S18O(7)
100 _aStallings, William
245 0 _aOperating systems : Internals and design principles
250 _a7th ed.
260 _aNoida
_bDorling Kindersley (India)
_c2014
300 _a708 p.
942 _cBK
999 _c180229
_d180229